Организация местного самоуправления: общественная администрация в действии: пер. с англ.; сборник

Bibliografski detalji
Sažetak:Этот сборник — своего рода учебник, плод коллективного труда сотрудников Кливлендского университета. Авторы совместно с другими специалистами в области самоуправления освещают проблемы, встающие в наши дни перед органами местного самоуправления, рассказывают о деятельности избранных обществом лиц и учреждений в интересах самого общества.
Jezik:ruski
Izdano: Москва, Олимп, 1998
Teme:
Format: Knjiga
KOHA link:https://koha.lib.tpu.ru/cgi-bin/koha/opac-detail.pl?biblionumber=101835

MARC

LEADER 00000nam0a2200000 4500
001 101835
005 20231031112747.0
010 |a 5739005868 
035 |a (RuTPU)RU\TPU\book\109815 
090 |a 101835 
100 |a 20060918d1998 km y0rusy50 ca 
101 1 |a rus  |c eng 
102 |a RU 
105 |a y z 000zy 
200 1 |a Организация местного самоуправления: общественная администрация в действии  |e пер. с англ.  |e сборник 
210 |a Москва  |c Олимп  |d 1998 
215 |a 448 с. 
330 |a Этот сборник — своего рода учебник, плод коллективного труда сотрудников Кливлендского университета. Авторы совместно с другими специалистами в области самоуправления освещают проблемы, встающие в наши дни перед органами местного самоуправления, рассказывают о деятельности избранных обществом лиц и учреждений в интересах самого общества. 
610 1 |a право 
610 1 |a административное право 
610 1 |a административное управление 
610 1 |a государственное управление 
610 1 |a местное самоуправление 
610 1 |a административная власть 
610 1 |a администрация 
610 1 |a общественность 
610 1 |a городское управление 
610 1 |a кадры 
610 1 |a общественный сектор 
610 1 |a бюджет 
610 1 |a органы власти 
610 1 |a конфликты 
610 1 |a принятие решений 
610 1 |a жилищный фонд 
610 1 |a охрана 
610 1 |a общественный порядок 
610 1 |a учреждения культуры 
610 1 |a транспорт 
610 1 |a инфраструктура 
610 1 |a твердые отходы 
610 1 |a вывоз 
686 |a Х81  |v LBC/SL-A  |2 rubbk 
801 1 |a RU  |b 63413507  |c 20060918  |g PSBO 
801 2 |a RU  |b 63413507  |c 20061020  |g PSBO 
942 |c BK